000 01632nam a22003977a 4500
003 CHAP
005 20220329143740.0
008 110601s2011 mx r 00010 spa d
010 _a101366
011 _a102338
035 _a113026
040 _cCHAP
090 _aTesis
100 1 _aLuna Guerrero, Milton Javier
_969060
245 1 0 _aEvaluación de rendimiento, calidad y composición botánica de asociaciones y monocultivos en Chapingo, México
_h[En línea]
_c/por Milton Javier Luna Guerrero y Marco Antonio Ramírez Jiménez
260 _aChapingo, Méx. :
_bEl autor,
_c2011
500 _aPara ver el contenido del material haga clic en la liga
502 _aTesis (Ing. Agr. Esp. en Zootecnia) -- UACH. Departamento de Zootecnia
590 _aALEPH
_b10
_c20130110
_lUCH01
_h1540
590 _aBATCH-UPD
_b10
_c20130110
_lUCH01
_h1521
590 _aBATCH-UPD
_b10
_c20130410
_lUCH01
_h0933
590 _aBATCH-UPD
_b10
_c20130914
_lUCH01
_h1125
590 _aBATCH-UPD
_b10
_c20140324
_lUCH01
_h1525
590 _aBATCH-UPD
_b10
_c20141002
_lUCH01
_h0849
590 _aCONVERSION
_b10
_c20130109
_lUCH01
_h1356
650 1 4 _aCultivos asociados.
_930370
650 1 4 _aForrajes
_xComposición.
_942563
650 1 4 _aForrajes
_xMéxico (Edo.)
_942584
650 1 4 _aForrajes
_xRendimiento.
_942593
700 1 _aRamírez Jiménez, Marco Antonio.
_994074
856 _3Finding aid
_uhttp://10.13.5.2/tesis/113026.pdf
_zTeclea aqui
901 _aBK
942 _cFOLL
949 _aTesis
_bBC
_cTES
_d33724002250637
_eTS1
_gDonaciØn
_h52322
_i113026
_st
949 _aTesis
_bBC
_cTES
_d33724002250678
_eTS2
_fc.2
_gDonaciØn
_h52323
_i113026
_st
999 _c101366
_d101366